Kinh tế Nhật Bản một năm sau thảm họa ngay 11/3/2011 /
保存先:
| 第一著者: | |
|---|---|
| フォーマット: | 論文 |
| 言語: | Vietnamese |
| 主題: | |
| タグ: |
タグ追加
タグなし, このレコードへの初めてのタグを付けませんか!
|
| Thư viện lưu trữ: | Thư viện Trường Đại học Đà Lạt |
|---|
| LEADER | 00845nam a2200289 4500 | ||
|---|---|---|---|
| 001 | DLU140164171 | ||
| 005 | ##20140917 | ||
| 040 | # | # | |a DLU |b vie |
| 041 | # | # | |a vie |
| 044 | # | # | |a vn |
| 100 | # | # | |a Trần Quang Minh, |c TS. |
| 245 | # | # | |a Kinh tế Nhật Bản một năm sau thảm họa ngay 11/3/2011 / |c Trần Quang Minh. |
| 653 | # | # | |a Kinh tế |
| 653 | # | # | |a Nhật Bản |
| 653 | # | # | |a Thành tựu kinh tế |
| 653 | # | # | |a Thách thức |
| 653 | # | # | |a Triển vọng |
| 773 | # | # | |t Tạp chí Nghiên cứu Đông Bắc Á |g Số 3(133), 2012, tr.3-11 |
| 920 | # | # | |a Phòng Tạp chí -- Trung tâm Thông tin - Thư viện Trường Đại học Đà Lạt |
| 994 | # | # | |a DLU |
| 900 | # | # | |a True |
| 911 | # | # | |a Trần Thị Minh Hương |
| 925 | # | # | |a G |
| 926 | # | # | |a A |
| 927 | # | # | |a BB |
| 980 | # | # | |a Thư viện Trường Đại học Đà Lạt |